| 000 | 00436nam a22001577a 4500 | ||
|---|---|---|---|
| 005 | 20260306101218.0 | ||
| 008 | 260306b |||||||| |||| 00| 0 eng d | ||
| 020 | _a9781015858817 | ||
| 050 | _aHG 8782 .F56 | ||
| 100 | _aFINNEY, HARRY ANSON | ||
| 245 | _aINTRODUCTION TO ACTUARIAL SCIENCE | ||
| 260 |
_aNEW YORK, _bAMERICAN INSTITUTE OF ACCOUNTANTS |
||
| 300 | _avi, 101 P , ILL | ||
| 650 | _aACTUARIAL SCIENCE | ||
| 942 |
_2lcc _cBK |
||
| 999 |
_c216795 _d216795 |
||